Fc25 Icons that have played with Real Madrid - Statistics

General Stats
  • This quiz has been taken 50 times
  • The average score is 15 of 20
Answer Stats
OVR Position Country Answer % Correct
94 ST Brazil Ronaldo
100%
90 GK Spain Casillas
98%
94 CAM France Zidane
98%
92 ST Hungary Puskas
96%
90 LB Brazil Roberto Carlos
93%
88 RW Wales Bale
89%
89 RW Portugal Luis Figo
84%
89 CB Italy Cannavaro
82%
88 CAM Romania Hagi
82%
89 ST Mexico Sanchez
82%
89 RB Germany Lahm
80%
88 RM England Beckham
78%
90 ST Spain Raul
78%
89 CAM Brazil Kaka
73%
88 CB Spain Hierro
71%
88 ST England Owen
62%
89 ST Netherlands Van Nistelrooy
62%
89 ST Spain Butragueno
60%
88 CAM Denmark Laudrap
24%
89 ST Cameroon Eto´o
2%
No matching quizzes found
Score Distribution
Percent of People with Each Score
Percentile by Number Answered
Your Score History
You have not taken this quiz